Video Games by Year: 2020 - Statistics

General Stats
  • This quiz has been taken 174 times
  • The average score is 6 of 16
Answer Stats
Picture Answer % Correct
Cyberpunk 2077
90%
The Last of Us Part II
80%
Watch Dogs: Legion
56%
Resident Evil 3
50%
Final Fantasy VII Remake
47%
Yakuza: Like a Dragon
46%
Omori
43%
Bugsnax
32%
Half-Life: Alyx
31%
Ultrakill
24%
Phasmophobia
18%
The Dark Pictures Anthology: Little Hope
18%
Super Meat Boy Forever
13%
Wasteland 3
6%
Bleeding Edge
5%
Mortal Shell
5%
No matching quizzes found
Score Distribution
Percent of People with Each Score
Percentile by Number Answered
Your Score History
You have not taken this quiz